书目信息 |
| 题名: |
医患无争
|
|
| 作者: | 赖良 著 | |
| 分册: | ||
| 出版信息: | 昆明 云南科技出版社 2020.08 |
|
| 页数: | 224页 | |
| 开本: | 26cm | |
| 丛书名: | ||
| 单 册: | ||
| 中图分类: | R197.322 | |
| 科图分类: | ||
| 主题词: | 医院--人际关系学 | |
| 电子资源: | ||
| ISBN: | 978-7-5416-9741-8 | |
| 000 | 00942nam0 2200229 450 | |
| 001 | 0108153908 | |
| 005 | 20210308154402.0 | |
| 010 | @a978-7-5416-9741-8@dCNY78.00 | |
| 100 | @a20200903d2020 em y0chiy50 ea | |
| 101 | 0 | @achi |
| 102 | @aCN@b530000 | |
| 105 | @ay z 000yy | |
| 106 | @ar | |
| 200 | 1 | @a医患无争@Ayi huan wu zheng@f赖良著 |
| 210 | @a昆明@c云南科技出版社@d2020.08 | |
| 215 | @a224页@d26cm | |
| 330 | @a本书是一本关于医生和患者的书,也是一本关于人情冷暖的书。从走进医学院的寒窗苦读,到成为一个普通的医生,经历了20年的艰辛和幸福。这本书里包含有每天面对病人的喜悦,困惑,无奈;一些常见病的健康建议等等。因为对医生这个职业的坚守和认真,因为不辜负信任医生的病人们,也为了让更多的人理解医生护士的工作,作者写下了这本小书,这是一个普通医生对医患关系的个人见解。 | |
| 606 | 0 | @a医院@x人际关系学 |
| 690 | @aR197.322@v5 | |
| 701 | 0 | @a赖良@Alai liang@4著 |
| 801 | 0 | @aCN@bBJSZM@c20210308 |
| 905 | @b1272057-60@dR197.322@e285@f4 | |
| 医患无争/赖良著.-昆明:云南科技出版社,2020.08 |
| 224页;26cm |
| ISBN 978-7-5416-9741-8:CNY78.00 |
| 本书是一本关于医生和患者的书,也是一本关于人情冷暖的书。从走进医学院的寒窗苦读,到成为一个普通的医生,经历了20年的艰辛和幸福。这本书里包含有每天面对病人的喜悦,困惑,无奈;一些常见病的健康建议等等。因为对医生这个职业的坚守和认真,因为不辜负信任医生的病人们,也为了让更多的人理解医生护士的工作,作者写下了这本小书,这是一个普通医生对医患关系的个人见解。 |
| ● |
| 相关链接 |
|
|
|
|
正题名:医患无争
索取号:R197.322/285
 
预约/预借
| 序号 | 登录号 | 条形码 | 馆藏地/架位号 | 状态 | 备注 |
| 1 | 1272057 | 212720572 | 第二样本阅览室/ [索取号:R197.322/285] | 在馆 | |
| 2 | 1272058 | 212720581 | 教育系资料室/ [索取号:R197.322/285] | 在馆 | |
| 3 | 1272059 | 212720590 | 教育系资料室/ [索取号:R197.322/285] | 在馆 | |
| 4 | 1272060 | 212720607 | 第三借阅区/ [索取号:R197.322/285] | 在馆 |